NRL Warriors Player of the Year - Statistics

General Stats
  • This quiz has been taken 135 times
    24 since last reset
  • The average score is 10 of 31
Answer Stats
Hint Answer % Correct
2023 Shaun Johnson
86%
2018 Roger Tuivasa-Sheck
76%
1997 Stacey Jones
71%
2017 Roger Tuivasa-Sheck
67%
2016 Simon Mannering
62%
2014 Simon Mannering
62%
2013 Simon Mannering
62%
2011 Simon Mannering
62%
2008 Simon Mannering
62%
2010 Manu Vatuvei
57%
2021 Tohu Harris
52%
2020 Tohu Harris
52%
2024 Mitchell Barnett
33%
2005 Ruben Wiki
29%
2007 Steve Price
24%
2006 Steve Price
24%
2009 Michael Luck
19%
2025 Roger Tuivasa-Sheck
19%
2019 Roger Tuivasa-Sheck
19%
2022 Euan Aitken
14%
1998 Joe Vagana
14%
1995 Tea Ropati
14%
2003 Francis Meli
10%
1996 Stephen Kearney
10%
2015 Ben Matulino
5%
2012 Ben Matulino
5%
1999 Jason Death
5%
2002 Ali Lauiti'iti
0%
2001 Jerry Seuseu
0%
2000 Robert Mears
0%
2004 Wairangi Koopu
0%
No matching quizzes found
Score Distribution
Percent of People with Each Score
Percentile by Number Answered
Your Score History
You have not taken this quiz since the last reset